000 01459cam a2200169 4500500
005 20260208010749.0
041 _afre
042 _adc
100 1 0 _aLorvellec, Yves
_eauthor
245 0 0 _aNicolas Grimaldi, L’effervescence du vide, Paris, Grasset, 2012, 169 p., 16 €
260 _c2012.
500 _a39
520 _aRésuméSont éditées et présentées 24 lettres de Bergson à Salomon Reinach. Outre l’intérêt biographique de cette correspondance, on y trouve trois lettres au moins offrant un véritable intérêt philosophique : une présentation par Bergson de la philosophie de William James et deux lettres sur des aspects de sa propre philosophie, suscitées par la préparation et la parution des Lettres à Zoé.
520 _aNew unpublished letters from Bergson to Salomon ReinachTwenty-four letters from Bergson to Salomon Reinach are edited and presented here. Besides the biographical interest of this correspondence, at least three letters offer a real philosophical interest: a presentation by Bergson of William James’s philosophy and two letters on aspects of his own philosophy, prompted by the preparation and the publication of Lettres à Zoé, a book on history of philosophy by Reinach.
786 0 _nRevue philosophique de la France et de l'étranger | 137 | 2 | 2012-06-12 | p. 241j-255j | 0035-3833
856 4 1 _uhttps://shs.cairn.info/revue-philosophique-2012-2-page-241j?lang=fr&redirect-ssocas=7080
999 _c1658089
_d1658089